| 000 | 00663ntm a22002417a 4500 | ||
|---|---|---|---|
| 005 | 20250624130707.0 | ||
| 008 | 210813b2019 xxu||||| |||| 00| 0 spa d | ||
| 020 | _a9781694093639 | ||
| 041 | _aESP | ||
| 082 | _aR 364.168.03 Z93c2 | ||
| 100 | _aZubieta Moreno, Javier | ||
| 245 | _aCiberdiccionario: conceptos de ciberseguridad en lenguaje #Entendible | ||
| 250 | _a2 edición | ||
| 260 | _aPolonia | ||
| 260 | _bAmazon Fulfillment | ||
| 260 | _c2019 | ||
| 300 | _a91 páginas | ||
| 490 | _aDirección y Administración de Empresas | ||
| 650 | _aDICCIONARIO | ||
| 650 | _aCIBERSEGURIDAD | ||
| 650 | _aSEGURIDAD INFORMÁTICA | ||
| 942 |
_cREF _2ddc |
||
| 999 |
_c13117 _d13117 |
||